000 00748nam a2200217Ia 4500
003 GCL
008 140319s9999 xx 000 0 ara d
040 _aGCL /
_cGCL
082 0 4 _a301.3506231
_bس ق
100 1 _aالسيد حنفى عوض
245 1 0 _aقرية بنى هلال : بين المسار التاريخى والواقع الاجتماعى /
_cالسيد حنفى عوض
700 1 _aمحمد المهدى صديق
300 _a223 ص
490 _a
650 0 4 _aالعادات والتقاليد
650 0 4 _aالادب الشعبى
650 0 4 _aبنو هلال - تاريخ
650 0 4 _aالمجتمعات الريفية - مصر
650 0 4 _aبنو هلال - العادات والتقاليد
942 _2ddc
_cBK
999 _c46615
_d46615